Biggest Cities in Cambodia Quiz - Statistics

General Stats
  • This quiz has been taken 102 times
  • The average score is 3 of 12
Answer Stats
Population City % Correct
2,189,460 Phnom Penh
98%
225,607 Siem Reap
70%
151,827 Battambang
46%
71,082 Sihanoukville
34%
54,475 Kampong Cham
16%
79,475 Poipet
15%
62,469 Pursat
15%
91,344 Ta Khmau
12%
50,359 Chbar Mon
11%
53,118 Kampong Thom
10%
78,839 Serei Saophoan
5%
53,737 Kampong Chhang
2%
No matching quizzes found
Score Distribution
Percent of People with Each Score
Percentile by Number Answered
Your Score History
You have not taken this quiz